BIBLIOTECA

SENCICO

Topografía y fotogrametría en la práctica moderna / (Registro nro. 498)

Detalles MARC
000 -LEADER
fixed length control field 01285nam a2200253Ia 4500
003 - CONTROL NUMBER IDENTIFIER
control field PE SENCICO BE
005 - DATE AND TIME OF LATEST TRANSACTION
control field 20251020182439.0
008 - FIXED-LENGTH DATA ELEMENTS--GENERAL INFORMATION
fixed length control field 200515s9999 xx 000 0 und d
040 ## - CATALOGING SOURCE
Original cataloging agency PE SENCICO BE
Transcribing agency PE SENCICO BE
041 ## - LANGUAGE CODE
Language code of text/sound track or separate title spa
082 ## - DEWEY DECIMAL CLASSIFICATION NUMBER
Classification number 526.9
Item number T41
100 1# - MAIN ENTRY--PERSONAL NAME
Personal name Ternryd, Carl-Olof
9 (RLIN) 3256
Relator term autor
245 #0 - TITLE STATEMENT
Title Topografía y fotogrametría en la práctica moderna /
Statement of responsibility, etc. Carl - Olof Ternryd, Eliz Lundin
250 ## - EDITION STATEMENT
Edition statement 1a ed.
260 ## - PUBLICATION, DISTRIBUTION, ETC.
Place of publication, distribution, etc. México, D.F. :
Name of publisher, distributor, etc. Compañía editorial Continental ;
Date of publication, distribution, etc. 1974
300 ## - PHYSICAL DESCRIPTION
Extent 205 páginas :
Other physical details ilustraciones, tablas, gráficos, mapas ;
Dimensions 31 cm.
505 0# - FORMATTED CONTENTS NOTE
Formatted contents note Planimetría -- Altimetría -- Levantamiento de detalles -- Estacamiento de una línea a partir de una poligonal -- Fotogrametría -- La fotogrametría aplicada al proyecto de carreteras
520 3# - SUMMARY, ETC.
Summary, etc. Los autores exponen, en forma clara y simplificada, la teoría y la aplicación de los más modernos instrumentos, de acuerdo con la experiencia internacional en Geodesia (Ciencia que trata de la determinación de la forma, tamaño y masa de la tierra) Fotogrametría y en el proyecto de obras de ingeniería civil.
650 10 - SUBJECT ADDED ENTRY--TOPICAL TERM
Topical term or geographic name entry element Topografía
9 (RLIN) 4
650 20 - SUBJECT ADDED ENTRY--TOPICAL TERM
Topical term or geographic name entry element Fotogrametría
9 (RLIN) 120
650 20 - SUBJECT ADDED ENTRY--TOPICAL TERM
Topical term or geographic name entry element Geodesia
9 (RLIN) 2
700 1# - ADDED ENTRY--PERSONAL NAME
9 (RLIN) 3257
Personal name Lundin, Eliz
Relator term autor
942 ## - ADDED ENTRY ELEMENTS (KOHA)
Koha item type Libros
Source of classification or shelving scheme Dewey Decimal Classification
Existencias
Fecha de la última vez que lo usaron Número de ingreso o de inventario Pago total Signatura topográfica completa Código de barras Precio efectivo desde Tipo de documento Estado perdido Sistema de clasificación Estado dañado No es para préstamo Retirado Ubicación permanente Ubicación actual Fecha de adquisición
15/05/2020 505   526.9/T41 BibLima25080012 15/05/2020 Libros   Dewey Decimal Classification       Biblioteca Central Lima Biblioteca Central Lima 15/05/2020